Hóa học hữu cơ

Bewaard in:
Bibliografische gegevens
Hoofdauteur: Đặng, Như Tại
Formaat: Boek
Taal:Undetermined
Gepubliceerd in: Hà Nội Đại học Quốc gia 2003
Onderwerpen:
Tags: Voeg label toe
Geen labels, Wees de eerste die dit record labelt!
Thư viện lưu trữ: Trung tâm Học liệu Trường Đại học Cần Thơ
LEADER 00528nam a2200181Ia 4500
001 CTU_57011
008 210402s9999 xx 000 0 und d
082 |a 547 
082 |b T103 
100 |a Đặng, Như Tại 
245 0 |a Hóa học hữu cơ 
245 0 |c Đặng Như Tại, Trần Quốc Sơn 
260 |a Hà Nội 
260 |b Đại học Quốc gia 
260 |c 2003 
650 |a Chemistry, Organic 
904 |i Trọng Hiếu 
980 |a Trung tâm Học liệu Trường Đại học Cần Thơ